BIBLIOTHÈQUE DE LA MAISON DU MEXIQUE

Logo 1 Logo 2

La sombra de Ulises (notice nᵒ 12555)

détails MARC
000 -Sello discográfico
campo de control de longitud fija 01124nam a2200337 4500
005 - Identificación de versión
campo de control 20251016083954.0
010 ## - Número Estándar Internacional de Libros (ISBN)
Número (ISBN) 968-842-784-5
035 ## - Otros números de control del sistema
Número de control del sistema 27524
099 ## - fechas locales
Tipo de ítem Koha LIBRO
100 ## - Datos de procesamiento general
Datos de procesamiento general 20010102d1998 m y1spay5003 ba
105 ## - Campo de datos codificados: Material textual, monográfico
Datos codificados de monografía y 001zy
200 1# - Título y mención de responsabilidad
Título propio La sombra de Ulises
Designación general del material texto impreso
Otra información del título ensayos sobre intelectuales mexicanos y norteamericanos
Primer mención de responsabilidad José Antonio Aguilar Rivera
205 ## - Declaración de edición
Declaración de edición 1a ed
210 ## - Publicación, distribución, etc.
Lugar de publicación, distribución, etc. México
Nombre del editor, distribuidor, etc. Centro de Investigacion y Docencia Económicas
-- Miguel Angel Porrúa
Fecha de publicación, distribución, etc. 1998
215 ## - Descripción física
Designación de material específico y extensión del ítem 197 p
Dimensiones 21 cm
300 ## - Notas generales
Texto de la nota Premio Alfonso Reyes 1997
345 ## - Nota de información de adquisición
Fuente de adquisición/dirección de la suscripción [OBSOLETO] Donación
606 ## - Término temático usado como materia
Elemento de entrada Cultura y sociedad
Subdivisión geográfica Estados Unidos
Número Koha 19293
606 ## - Término temático usado como materia
Elemento de entrada Cultura y sociedad
Subdivisión geográfica México
Número Koha 19294
606 ## - Término temático usado como materia
Elemento de entrada Intelectuales
Subdivisión geográfica Estados Unidos
Número Koha 19295
606 ## - Término temático usado como materia
Elemento de entrada Intelectuales
Subdivisión geográfica México
Número Koha 1641
660 ## - Código de área geográfica
Código MX
700 ## - Nombre personal - Responsabilidad primaria
Elemento de entrada Aguilar Rivera
Parte del nombre distinta del elemento de entrada José Antonio
Fechas 1968-
Número Koha 9875
801 #0 - Fuente de origen
Agencia cm
900 ## -
-- 1/961
900 ## -
-- 7100112743\020101
942 ## - ELEMENTOS DE ENTRADA SECUNDARIOS (KOHA)
Tipo de ítem Koha Livre
996 ## -
-- MEX
-- 751145101
-- MMAG
-- 007606
-- 301.445 A283S
-- 20230306LIV
Exemplaires
Estatus retirado Estado de daño Estado de pérdida Fecha de adquisición Biblioteca de origen Biblioteca actual Ubicación en estantería Código de barras Precio de reemplazo Signatura topográfica completa No para préstamo Tipo de ítem Koha Nota pública Nota no pública
      05/08/2025 Casa México Paris Casa México Paris   007606 05/08/2025 301.445 A283S   Livre 20230306LIV 751145101